00903 a2200169 45000010006000000050017000060080041000230030015000640400040000790800149001192450040002682640033003083000019003415050339003600410008006991000026007075970920260407155851.0260407a1973 arg spa dAR-UNSa-BCEJYS aAR-UNSa-BCEJYSbspacAR-UNSa-BCEJYS a340.12xTendencias en la teoría del derecho. Escuelas, doctrinas jurídicas. Filosofía del derecho. Teorías sobre el Estado y el derecho 10aLos conceptos básicos del derecho 1aBuenos Aires :bAstreac1973 a135 p.c20 cm. a1. La teoría de los conceptos jurídicos básicos - 2. El concepto de sanción – 3. El concepto de acto antijurídico (delito) – 4. El concepto de responsabilidad – 5. El concepto de deber jurídico – 6. El concepto de derecho subjetivo – 7. Capacidad jurídica y competencia – 8. El concepto de persona jurídica aspa1 aNino, Carlos Santiago